000 00757nam a2200205 4500
999 _c80572
_d80572
008 201207b ||||| |||| 00| 0 eng d
040 _bger
_cSTAFF
_erda
_aSTAFF
041 _ager
100 _aRehfeld, Hans-Jürgen
245 _aVon Hans Kohlhase zum Michael Kohlhaas/
_cHans-Jürgen Rehfeld
490 _aDie Mark Brandenburg
_vHeft 119: Rebellion und Revolution
600 _aKohlhase, Hans
_d(um 1500-1540)
600 _aKleist, Heinrich von
_d(1777-1811)
653 _aMichael Kohlhaas <Novelle, Kleist, Heinrich von>
773 _dBerlin: Die Mark Brandenburg - Verlag für Regional- und Zeitgeschichte
_g(2020) Heft 119, S.20-25: Abb.
_tDie Mark Brandenburg
942 _cA